Agricultural marketing system (Record no. 34721)

MARC details
000 -LEADER
fixed length control field 00267nam a2200109Ia 4500
082 ## - DEWEY DECIMAL CLASSIFICATION NUMBER
Classification number 338.433
Item number RHO
100 ## - MAIN ENTRY--AUTHOR NAME
Personal name Rhodes, V James
245 #0 - TITLE STATEMENT
Title Agricultural marketing system
260 ## - PUBLICATION, DISTRIBUTION, ETC. (IMPRINT)
Place of publication Ohio
Name of publisher Grid
Year of publication 1978
942 ## - ADDED ENTRY ELEMENTS (KOHA)
Koha item type Books
Holdings
Withdrawn status Lost status Damaged status Not for loan Home library Current library Date acquired Cost, normal purchase price Full call number Accession Number Koha item type
        RRII Library RRII Library 16/12/2021 19.95 338.433 RHO 15149 Books